[Event "Malmo op"]
[Site "Malmo"]
[Date "2018.12.16"]
[Round "8"]
[White "Lillskog, Viggo"]
[Black "Fridman, Arvid"]
[Result "0-1"]
[WhiteElo "1397"]
[BlackElo "1191"]
[PlyCount "84"]
[EventDate "2018.12.14"]
[EventType "swiss"]
[EventRounds "8"]
[EventCountry "SWE"]
[SourceTitle "CBM 187 Extra"]
[Source "ChessBase"]
[SourceDate "2018.11.04"]
[SourceVersion "1"]
[SourceVersionDate "2018.11.04"]
[SourceQuality "1"]

1. d4 d5 2. c4 c6 3. Nf3 Bf5 4. Nc3 e6 5. Bf4 Bd6 6. Bg3 Nf6 7. e3 Nh5 8. Bd3 Nxg3 9. hxg3 Bxd3 10. Qxd3 h6 11. c5 Bc7 12. Ke2 Nd7 13. b4 a6 14. Rhb1 b5 15. a4 Kf8 16. Nh4 Qg5 17. Nf3 Qd8 18. Nh4 g6 19. f4 Kg7 20. Nf3 f5 21. a5 Nf6 22. Nh2 Ne4 23. Nxe4 dxe4 24. Qc3 Qd5 25. Qb3 Qxb3 26. Rxb3 h5 27. Rh1 h4 28. g4 h3 29. g3 g5 30. Rbb1 gxf4 31. exf4 Kf6 32. g5+ Kg6 33. Nf1 Rh7 34. Rh2 Rd8 35. Ne3 Rxd4 36. Rbh1 Rxb4 37. Rxh3 Rb2+ 38. Ke1 Bxa5+ 39. Kf1 Rb1+ 40. Kg2 Rxh1 41. Rxh1 Rxh1 42. Kxh1 Bb4 0-1